000 00603nam a2200265Ia 4500
005 20260306164207.0
008 008 260114s9999 xx 000 0 eng d
020 _a9780262322461
037 _aEBOOK
040 _aCRL
040 _beng
040 _cCRL
041 _2eng
041 _aeng
084 _qCRL
100 _aCalvo, Symons
_91130191
245 4 _aThe Architecture Of Cognition
260 _bThe MIT Press
260 _c2014
650 _aPhilosophy
856 _uhttps://academic.oup.com/book/18439
942 _cEBOOK
999 _c1713124
_d1713124